000 01128nam a2200313 c 4500
001 59495
003 CO-BoRNBP
005 20251021145923.0
007 ta
008 210825r20182020mx ado er 000 0 spa d
020 _a9786070506635
040 _aCO-BoRNBP
_bspa
_erda
_cCO-BoRNBP
041 0 _aspa
082 0 4 _a519.2
_bV24e
_222
100 _aVelasco Sotomayor, Gabriel
_d1949-
_eaut
_965733
245 1 4 _aLos enigmas del azar :
_brelatos sorprendentes sobre incertidumbre y probabilidad /
_cGabriel Velasco Sotomayor.
250 _aPrimera edición
264 1 _aMéxico :
_bUniversidad Anáhuac,
_c2020
300 _a152 páginas :
_bilustraciones, gráficos, fotografías a blanco y negro
336 _atexto
_btxt
_2rdacontent
337 _asin mediación
_bn
_2rdamedia
338 _avolumen
_bnc
_2rdacarrier
490 0 _aMatemáticas
521 _aRecomendado para un público adulto
650 0 7 _aJuegos de azar (matemáticas)
_vProblemas, ejercicios, etc.
_2lemb
_965392
650 0 7 _aMatemáticas recreativas
_vProblemas, ejercicios, etc.
_2lemb
_965734
650 0 7 _aProbabilidades
_2lemb
_99855
942 _2ddc
_cBK
999 _c59495
_d59495